|
|
|
|
| LEADER |
00000cam a2200000 i 4500 |
| 001 |
1/34748 |
| 008 |
941103s1989 gr | ||| |||| ||gre|| |
| 035 |
|
|
|a 1991
|c ΔΩΡΕΑ
|l 10039741
|
| 035 |
|
|
|a 1991
|b 2
|c Δωρεά
|
| 040 |
|
|
|a GR-MyUA
|b gre
|e AACR2
|
| 041 |
0 |
|
|a gre
|
| 082 |
0 |
|
|a 016
|
| 100 |
1 |
|
|a Μίσσιος, Κώστας Γ.,
|d 1938-2023.
|
| 245 |
1 |
3 |
|a Τα βιβλία των μυτιληνιών συγγραφέων από 1-1-1940 έως 31-8-1989 :
|b συμβολή πρώτη /
|c Κώστα Γ. Μίσσιου.
|
| 260 |
|
|
|a Μυτιλήνη :
|b [χ.ό.],
|c 1989.
|
| 300 |
|
|
|a 199 σ. :
|b εικ. ;
|c 21 εκ.
|
| 504 |
|
|
|a Περιλαμβάνει ευρετήριο.
|
| 650 |
0 |
0 |
|a Authors, Greek
|z Greece
|z Lesbos (Municipality)
|x Bibliography.
|
| 650 |
0 |
0 |
|a Greek literature
|z Greece
|z Lesbos (Municipality)
|
| 650 |
0 |
0 |
|a Authors, Greek (Modern)
|z Greece
|z Lesbos (Municipality)
|x Bibliography.
|
| 852 |
|
|
|a INST
|b CHIOS
|e 19961119
|h 889.0917 ΜΙΣ
|p 005200009247
|q 005200009247
|t BK
|y 0
|
| 852 |
|
|
|a INST
|b CHIOS
|e 20000802
|h 889.0917 ΜΙΣ
|p 005200011964
|q 005200011964
|t BK
|y 0
|
| 852 |
|
|
|a INST
|b LESVOS
|e 19950227
|h 889.0917 ΜΙΣ
|p 005100002679
|q 005100002679
|t BK
|y 0
|
| 852 |
|
|
|a INST
|b RHODES
|e 19970404
|h 016 ΜΙΣ
|p 005400010618
|q 005400010618
|t REF
|y 23
|
| 852 |
|
|
|a INST
|b RHODES
|e 19970404
|h 016 ΜΙΣ
|p 005400010619
|q 005400010619
|t REF
|y 23
|
| 852 |
|
|
|a INST
|b SAMOS
|e 19941103
|h 016 ΜΙΣ
|p 005300011860
|q 005300011860
|t REF
|y 23
|
| 852 |
|
|
|a INST
|b SAMOS
|e 19941103
|h 016 ΜΙΣ
|p 005300011861
|q 005300011861
|t REF
|y 23
|
| 909 |
|
|
|a Σ
|b 020324
|
| 909 |
|
|
|a Ρ
|b 017637
|
| 909 |
|
|
|a Χ
|b 020284
|
| 909 |
|
|
|a Λ
|b 021099
|
| 909 |
|
|
|a Σ
|b 020325
|
| 909 |
|
|
|a Ρ
|b 017638
|
| 909 |
|
|
|a Χ
|b 020284
|
| 922 |
|
|
|a 1ΔΩΡ
|b 199111
|